[Event "España ch sub-14 2012"]
[Site "Salobreña ESP"]
[Date "2012.07.11"]
[Round "4.21"]
[White "Gomez Dieguez, Adrian"]
[Black "Villavicencio Sanchez, Pedro"]
[Result "1-0"]
[WhiteElo "1801"]
[BlackElo "1623"]
[PlyCount "63"]
[EventDate "2012.07.09"]
[EventType "swiss"]
[EventRounds "9"]
[EventCountry "ESP"]
[Source "lmi"]
[SourceDate "2012.07.09"]

1. e4 c5 2. Nf3 e6 3. Nc3 a6 4. d4 cxd4 5. Nxd4 Qc7 6. g3 b5 7. Bg2 Bb7 8. O-O
Nf6 9. Re1 d6 10. Bg5 Be7 11. Bxf6 gxf6 12. a4 bxa4 13. Rxa4 Nd7 14. Qe2 Nb6
15. Ra3 Nc4 16. Rb3 d5 17. exd5 e5 18. Rxb7 Qxb7 19. Qxc4 Rc8 20. Qa4+ Qd7 21.
Qxd7+ Kxd7 22. Bh3+ Kc7 23. Bxc8 exd4 24. Na2 Ba3 25. bxa3 Rxc8 26. Nb4 a5 27.
Nc6 Kd6 28. Kf1 Rc7 29. Re2 Kxd5 30. Nxa5 Ra7 31. Nb3 Rxa3 32. Rd2 1-0

[Event "España ch sub-14 2012"]
[Site "Salobreña ESP"]
[Date "2012.07.11"]
[Round "4.22"]
[White "Chao Vale, Fernando"]
[Black "Marquez Marvizon, Alejandra"]
[Result "0-1"]
[WhiteElo "1789"]
[BlackElo "1622"]
[PlyCount "100"]
[EventDate "2012.07.09"]
[EventType "swiss"]
[EventRounds "9"]
[EventCountry "ESP"]
[Source "lmi"]
[SourceDate "2012.07.09"]

1. e4 e6 2. d4 d5 3. Nc3 Bb4 4. e5 c5 5. a3 Bxc3+ 6. bxc3 Ne7 7. Nf3 O-O 8. Bd3
h6 9. O-O Nd7 10. g4 c4 11. Be2 b5 12. h4 Qe8 13. h5 Nb6 14. Nh4 Kh7 15. Be3 g6
16. f4 gxh5 17. gxh5 Rg8+ 18. Kh2 Nf5 19. Nxf5 exf5 20. Bf2 Be6 21. Bh4 Nd7 22.
Qd2 Rg7 23. Qe3 Qf8 24. Bf6 Nxf6 25. exf6 Rg8 26. Rg1 Rxg1 27. Rxg1 Qxa3 28.
Rg7+ Kh8 29. Qg1 Qf8 30. Bf3 a5 31. Qg2 Rd8 32. Qg1 a4 33. Kh3 a3 34. Qa1 Qd6
35. Qg1 Qf8 36. Qa1 Ra8 37. Qg1 a2 38. Qa1 Qd8 39. Rg1 Qxf6 40. Qb2 Qd8 41. Ra1
Qa5 42. Kh4 Kg8 43. Rg1+ Kf8 44. Ra1 Ke8 45. Bh1 Kd7 46. Bg2 Kc6 47. Qc1 Qa3
48. Qe1 Qb2 49. Bh1 Qxc2 50. Qe5 Qh2# 0-1

[Event "España ch sub-14 2012"]
[Site "Salobreña ESP"]
[Date "2012.07.11"]
[Round "4.23"]
[White "Asensio Ramos, Diego"]
[Black "Garcia Porlan, Beatriz"]
[Result "0-1"]
[WhiteElo "1613"]
[BlackElo "1787"]
[PlyCount "92"]
[EventDate "2012.07.09"]
[EventType "swiss"]
[EventRounds "9"]
[EventCountry "ESP"]
[Source "lmi"]
[SourceDate "2012.07.09"]

1. d4 d5 2. Nf3 c6 3. c3 Bf5 4. Bf4 h6 5. e3 Nf6 6. Nbd2 Nbd7 7. h3 e6 8. Ne5
Nxe5 9. Bxe5 Bd6 10. Nf3 Bxe5 11. Nxe5 Qc7 12. Bd3 Ne4 13. Qc2 a6 14. Rg1 Rc8
15. g4 Bh7 16. f3 Nf6 17. Bxh7 Nxh7 18. h4 Qe7 19. Qf2 c5 20. f4 Nf6 21. g5 Ne4
22. Qg2 Nd6 23. gxh6 Qxh4+ 24. Ke2 Qh5+ 25. Kd3 Qf5+ 26. Kd2 gxh6 27. Qg7 Qh7
28. Qxh7 Rxh7 29. Rg8+ Ke7 30. Rxc8 Nxc8 31. Rg1 cxd4 32. cxd4 Nd6 33. Kd3 f6
34. Ng6+ Kf7 35. Nh4 Rg7 36. Rh1 Rg3 37. Rh2 Nc4 38. Re2 Rh3 39. Ng2 Rh2 40. b3
Nd6 41. Rc2 Kg6 42. Rf2 Kf5 43. Re2 Kg4 44. Ne1 Rxe2 45. Kxe2 Ne4 46. Kd3 Kg3
0-1

[Event "España ch sub-14 2012"]
[Site "Salobreña ESP"]
[Date "2012.07.11"]
[Round "4.24"]
[White "Serra Canals, Oriol"]
[Black "Palenciano Escolar, Adrian"]
[Result "1-0"]
[WhiteElo "1775"]
[BlackElo "1595"]
[PlyCount "36"]
[EventDate "2012.07.09"]
[EventType "swiss"]
[EventRounds "9"]
[EventCountry "ESP"]
[Source "lmi"]
[SourceDate "2012.07.09"]

1. d4 d5 2. c4 e6 3. Nf3 Nf6 4. Nc3 Bb4 5. Bg5 dxc4 6. e4 c5 7. e5 h6 8. exf6
hxg5 9. fxg7 Rg8 10. dxc5 Qf6 11. Qd4 Qxd4 12. Nxd4 Bd7 13. Bxc4 Nc6 14. Ndb5
Ke7 15. O-O-O f5 16. Rhe1 Bxc5 17. Rxd7+ Kxd7 18. Bxe6+ Ke8 1-0

[Event "España ch sub-14 2012"]
[Site "Salobreña ESP"]
[Date "2012.07.11"]
[Round "5.1"]
[White "Santos Ruiz, Miguel"]
[Black "Suarez Gomez, Julio"]
[Result "0-1"]
[WhiteElo "2106"]
[BlackElo "2026"]
[PlyCount "110"]
[EventDate "2012.07.09"]
[EventType "swiss"]
[EventRounds "9"]
[EventCountry "ESP"]
[Source "lmi"]
[SourceDate "2012.07.09"]

1. e4 e6 2. d4 d5 3. Nd2 c5 4. c3 Nc6 5. Ngf3 cxd4 6. cxd4 dxe4 7. Nxe4 Be7 8.
Bd3 Nf6 9. O-O O-O 10. Be3 Nb4 11. Nxf6+ Bxf6 12. Be4 Nd5 13. Qd3 g6 14. Bh6
Bg7 15. Bxg7 Kxg7 16. Ne5 b6 17. Qg3 Bb7 18. h4 Nc3 19. bxc3 Bxe4 20. h5 Bf5
21. Rfd1 Rc8 22. Rac1 f6 23. Nd3 Qc7 24. Qxc7+ Rxc7 25. hxg6 hxg6 26. c4 Rd8
27. Nf4 g5 28. Ne2 Rdc8 29. c5 bxc5 30. Rxc5 Kf7 31. Ra5 Be4 32. f3 Bd5 33. Kf2
Rb8 34. Ke3 Kg6 35. Rd3 Rc2 36. Rd2 Rxd2 37. Kxd2 Rb2+ 38. Kd3 Rxa2 39. Rxa2
Bxa2 40. Nc3 Bb3 41. Nb5 a5 42. Na3 Kf5 43. Ke3 e5 44. dxe5 Kxe5 45. g3 Kd5 46.
Kd3 f5 47. f4 g4 48. Nb1 Bc4+ 49. Kc3 Bb5 50. Nd2 a4 51. Kb4 Bd7 52. Kc3 a3 53.
Kb3 Kd4 54. Kxa3 Ke3 55. Nc4+ Kf2 0-1

[Event "España ch sub-14 2012"]
[Site "Salobreña ESP"]
[Date "2012.07.11"]
[Round "5.2"]
[White "Aguila Hernandez, Eduardo"]
[Black "Portela Peleteiro, Alberto"]
[Result "1-0"]
[WhiteElo "1893"]
[BlackElo "1927"]
[PlyCount "65"]
[EventDate "2012.07.09"]
[EventType "swiss"]
[EventRounds "9"]
[EventCountry "ESP"]
[Source "lmi"]
[SourceDate "2012.07.09"]

1. e4 c5 2. Nf3 Nc6 3. d4 cxd4 4. Nxd4 Nf6 5. Nc3 e5 6. Ndb5 d6 7. Bg5 a6 8.
Na3 Be6 9. Be2 Be7 10. O-O b5 11. Bxf6 gxf6 12. Nd5 Rg8 13. c3 f5 14. Bf3 Rc8
15. Nc2 Bg5 16. exf5 Bxf5 17. a4 Kf8 18. axb5 axb5 19. Nce3 Be6 20. Be4 Bxe3
21. Nxe3 Qd7 22. Qf3 Ne7 23. Qf6 Ng6 24. Rfd1 Nf4 25. g3 Nh3+ 26. Kh1 Ng5 27.
Qh6+ Rg7 28. Bg2 f5 29. Ra6 Nf7 30. Qh4 e4 31. Qf6 Qb7 32. Raxd6 Rg6 33. Rd8+
1-0

[Event "España ch sub-14 2012"]
[Site "Salobreña ESP"]
[Date "2012.07.11"]
[Round "5.3"]
[White "Bas Mas, Miguel"]
[Black "Laiz Ibanez, Hector"]
[Result "1-0"]
[WhiteElo "1927"]
[BlackElo "1838"]
[PlyCount "75"]
[EventDate "2012.07.09"]
[EventType "swiss"]
[EventRounds "9"]
[EventCountry "ESP"]
[Source "lmi"]
[SourceDate "2012.07.09"]

1. e4 e6 2. d4 d5 3. Nd2 c5 4. exd5 Qxd5 5. Ngf3 cxd4 6. Bc4 Qd6 7. O-O Nf6 8.
Nb3 Nc6 9. Nbxd4 Nxd4 10. Qxd4 Qxd4 11. Nxd4 a6 12. a4 Bd7 13. b3 Bc5 14. Bb2
O-O 15. Rad1 Rfd8 16. Be2 Rac8 17. c4 b6 18. Bf3 e5 19. Nc2 Bf5 20. Ne3 Bxe3
21. fxe3 Bc2 22. Rxd8+ Rxd8 23. Bxe5 Bxb3 24. Bc7 Re8 25. Bxb6 Bxc4 26. Rc1 Bb3
27. a5 Ba4 28. Rc7 Bb5 29. Ra7 Ne4 30. Bd1 Rc8 31. h3 h6 32. Bb3 Rc1+ 33. Kh2
Nd6 34. Bd5 Kh7 35. Bd4 Bc6 36. Rc7 Bxd5 37. Rxc1 Bc4 38. Bc5 1-0

[Event "España ch sub-14 2012"]
[Site "Salobreña ESP"]
[Date "2012.07.11"]
[Round "5.4"]
[White "Fernandez Cano, Victor"]
[Black "Ventura Bolet, Alexandre"]
[Result "1/2-1/2"]
[WhiteElo "1839"]
[BlackElo "1925"]
[PlyCount "90"]
[EventDate "2012.07.09"]
[EventType "swiss"]
[EventRounds "9"]
[EventCountry "ESP"]
[Source "lmi"]
[SourceDate "2012.07.09"]

1. d4 e6 2. Nf3 b6 3. e3 Bb7 4. b3 f5 5. Be2 Nf6 6. c4 Be7 7. Bb2 O-O 8. O-O
Ne4 9. Nc3 Bf6 10. Rc1 d6 11. Nd2 Nd7 12. f3 Nxc3 13. Bxc3 c5 14. Re1 f4 15.
Nf1 fxe3 16. Nxe3 cxd4 17. Bxd4 Bxd4 18. Qxd4 Ne5 19. Rcd1 Qg5 20. Ng4 Nxg4 21.
Qxg4 Qxg4 22. fxg4 Rad8 23. Rd3 Rf6 24. Bf3 Bxf3 25. gxf3 Kf7 26. Kg2 g5 27.
Kg3 Ke7 28. a4 Rh8 29. Red1 e5 30. a5 Kd7 31. axb6 axb6 32. Ra1 Rc8 33. Ra6 Kc6
34. Ra7 Rc7 35. Ra8 h6 36. h4 gxh4+ 37. Kxh4 Rcf7 38. Kg3 Rg6 39. Rh8 Kc7 40.
b4 Rf4 41. b5 Rxc4 42. Rh7+ Kb8 43. Ra3 Rc7 44. Rh8+ Rc8 45. Rh7 Rc7 1/2-1/2

[Event "España ch sub-14 2012"]
[Site "Salobreña ESP"]
[Date "2012.07.11"]
[Round "5.5"]
[White "Medina Masdeu, Rasen"]
[Black "Ucles Lirola, Moises"]
[Result "0-1"]
[WhiteElo "1923"]
[BlackElo "1821"]
[PlyCount "112"]
[EventDate "2012.07.09"]
[EventType "swiss"]
[EventRounds "9"]
[EventCountry "ESP"]
[Source "lmi"]
[SourceDate "2012.07.09"]

1. e4 Nf6 2. e5 Nd5 3. d4 d6 4. c4 Nb6 5. exd6 exd6 6. Nc3 Nc6 7. Be3 Be7 8.
Bd3 O-O 9. Nge2 Bf6 10. O-O Nb4 11. b3 Nxd3 12. Qxd3 Bg4 13. f3 Bh5 14. Nf4 Bg6
15. Nxg6 hxg6 16. Rad1 Re8 17. f4 a5 18. a4 Qd7 19. f5 gxf5 20. Bc1 g6 21. Qf3
Qc6 22. Qg3 d5 23. c5 Nd7 24. Nb5 Re4 25. Qxc7 Kg7 26. Qg3 Rh8 27. Rf4 b6 28.
Rxe4 dxe4 29. Qd6 Rc8 30. Qf4 Rh8 31. Be3 bxc5 32. dxc5 Be5 33. Qf2 Bxh2+ 34.
Kf1 Be5 35. Ke2 Nf6 36. Bd4 Bxd4 37. Qxd4 e3 38. Rg1 Rc8 39. Na3 Qxc5 40. Qxc5
Rxc5 41. Nc4 f4 42. Kf3 Nd5 43. Rc1 Nb4 44. Rc3 Nd5 45. Rc1 g5 46. Ke4 Nb4 47.
Rd1 Nc6 48. Kf3 Ne5+ 49. Nxe5 Rxe5 50. Ke2 Rc5 51. Rg1 Rc3 52. g3 Kf6 53. gxf4
gxf4 54. Rh1 Rxb3 55. Rh5 Rb2+ 56. Kf3 Rf2+ 0-1

[Event "España ch sub-14 2012"]
[Site "Salobreña ESP"]
[Date "2012.07.11"]
[Round "5.6"]
[White "Alvarez Nistal, David"]
[Black "Perez Garcia, Alejandro"]
[Result "1/2-1/2"]
[WhiteElo "1861"]
[BlackElo "1902"]
[PlyCount "71"]
[EventDate "2012.07.09"]
[EventType "swiss"]
[EventRounds "9"]
[EventCountry "ESP"]
[Source "lmi"]
[SourceDate "2012.07.09"]

1. d4 Nf6 2. c4 e5 3. dxe5 Ng4 4. Bf4 Nc6 5. Nf3 Bb4+ 6. Nbd2 Qe7 7. e3 Ngxe5
8. Nxe5 Nxe5 9. Be2 O-O 10. O-O Bxd2 11. Qxd2 d6 12. Rac1 Be6 13. Bg3 f5 14. a3
Nd7 15. Bf3 Nc5 16. Qc2 Bf7 17. Rfd1 Ne4 18. Bxe4 fxe4 19. Rd4 Rae8 20. Rcd1 h5
21. h4 g5 22. hxg5 Qxg5 23. Bf4 Qg7 24. c5 h4 25. Rd5 Bxd5 26. Rxd5 Re6 27. Qc4
Rff6 28. cxd6 cxd6 29. Rg5 Rg6 30. Qc8+ Kf7 31. Rf5+ Rgf6 32. Qxb7+ Kf8 33.
Qc8+ Kf7 34. Qb7+ Kf8 35. Qc8+ Kf7 36. Qb7+ 1/2-1/2

[Event "España ch sub-14 2012"]
[Site "Salobreña ESP"]
[Date "2012.07.11"]
[Round "5.7"]
[White "Salagran Ferragut, Guillem"]
[Black "Guerra Arrocha, Daniel"]
[Result "0-1"]
[WhiteElo "1899"]
[BlackElo "1825"]
[PlyCount "134"]
[EventDate "2012.07.09"]
[EventType "swiss"]
[EventRounds "9"]
[EventCountry "ESP"]
[Source "lmi"]
[SourceDate "2012.07.09"]

1. e4 e6 2. d4 d5 3. Bd3 c5 4. exd5 exd5 5. dxc5 Bxc5 6. Nf3 Nf6 7. O-O O-O 8.
Nbd2 Bg4 9. Nb3 Bd6 10. Nbd4 Nc6 11. Be3 Re8 12. c3 Bh5 13. Qb3 Nxd4 14. Nxd4
Ng4 15. h3 Nxe3 16. fxe3 Rxe3 17. Qc2 Bg6 18. Bxg6 hxg6 19. Rxf7 Qg5 20. Rf3
Rae8 21. Raf1 Bc5 22. Rxe3 Qxe3+ 23. Qf2 Bxd4 24. cxd4 Qxf2+ 25. Kxf2 Rc8 26.
Re1 Rc4 27. Ke3 Rc2 28. Re2 Rc1 29. Kd2 Rc4 30. Kd3 Rc1 31. Ke3 Kf7 32. Kf4 Kf6
33. Ke3 Rd1 34. Rc2 Re1+ 35. Kf3 Rd1 36. Rc7 Rxd4 37. Rxb7 a5 38. Ke3 Rd1 39.
b4 axb4 40. Rxb4 Ke5 41. a4 d4+ 42. Ke2 Ra1 43. Kd3 Ra3+ 44. Kd2 Ke4 45. Rb7
Ra2+ 46. Kd1 Kd3 47. Rb3+ Kc4 48. Rg3 Rxa4 49. Rxg6 Kc3 50. Rxg7 Ra1+ 51. Ke2
d3+ 52. Ke3 Re1+ 53. Kf4 d2 54. Rd7 d1=Q 55. Rxd1 Rxd1 56. g4 Kd4 57. h4 Kd5
58. Kf5 Kd6 59. Kg6 Ke7 60. h5 Rg1 61. g5 Kf8 62. h6 Kg8 63. Kf6 Kh7 64. Kf5
Rf1+ 65. Kg4 Kg6 66. Kh4 Rh1+ 67. Kg4 Rg1+ 0-1

[Event "España ch sub-14 2012"]
[Site "Salobreña ESP"]
[Date "2012.07.11"]
[Round "5.8"]
[White "Garcia Porlan, Beatriz"]
[Black "Garriga Cazorla, Pere"]
[Result "1/2-1/2"]
[WhiteElo "1787"]
[BlackElo "2056"]
[PlyCount "178"]
[EventDate "2012.07.09"]
[EventType "swiss"]
[EventRounds "9"]
[EventCountry "ESP"]
[Source "lmi"]
[SourceDate "2012.07.09"]

1. e4 c5 2. Nf3 g6 3. d4 cxd4 4. Nxd4 Nc6 5. c4 Bg7 6. Be3 Nf6 7. Nc3 O-O 8.
Be2 d6 9. O-O Bd7 10. Qd2 Nxd4 11. Bxd4 Bc6 12. Bd3 Nd7 13. Bxg7 Kxg7 14. b3 a5
15. Rae1 Qb6 16. Nd5 Bxd5 17. exd5 Rfe8 18. Re3 Qd4 19. Re4 Qb6 20. Rfe1 Qd8
21. Rh4 Nf8 22. Re3 e6 23. Reh3 f5 24. dxe6 Rxe6 25. Rd4 Qf6 26. Bf1 Rae8 27.
Rhd3 Re1 28. Rxd6 Qa1 29. Qc3+ Qxc3 30. Rxc3 Ra1 31. Re3 Rxe3 32. fxe3 Rxa2 33.
Rb6 a4 34. Rxb7+ Kf6 35. bxa4 Rxa4 36. c5 Ra1 37. Rb4 Ne6 38. Rc4 Ra7 39. Be2
Ke5 40. Bf3 Rc7 41. Kf2 Nxc5 42. Rd4 Ne6 43. Rd5+ Kf6 44. Rd2 g5 45. g3 h6 46.
Bg2 h5 47. Bf3 g4 48. Bg2 Kg5 49. Rb2 Nc5 50. Ke2 Nd7 51. Rd2 Nf6 52. Rb2 h4
53. Kf2 Rc1 54. Rd2 Nh5 55. Rb2 Ng7 56. Rd2 Ne6 57. Rb2 Nc5 58. Rd2 Rb1 59. Ba8
Na6 60. Bg2 Nb4 61. Ba8 Rb3 62. Bg2 Nd3+ 63. Ke2 Ne5 64. Kf2 Rb1 65. Bd5 Ra1
66. Bg2 h3 67. Bd5 Kf6 68. Bb7 Nf7 69. e4 Ra7 70. Bd5 Rd7 71. Ke3 fxe4 72. Rf2+
Ke5 73. Bxf7 Rd3+ 74. Ke2 Kd4 75. Bh5 Ra3 76. Bxg4 Ra2+ 77. Ke1 Ra1+ 78. Bd1
Kd3 79. g4 Ke3 80. Rb2 Kf4 81. Kd2 e3+ 82. Ke1 Kg5 83. Rb5+ Kf4 84. Rb4+ Kg5
85. Rb2 Kf4 86. Re2 Rc1 87. Rc2 Rxc2 88. Bxc2 Kxg4 89. Ke2 Kg5 1/2-1/2

[Event "España ch sub-14 2012"]
[Site "Salobreña ESP"]
[Date "2012.07.11"]
[Round "5.9"]
[White "Bru Rullo, Llatzer"]
[Black "Munoz Pelaez, Manuel"]
[Result "1-0"]
[WhiteElo "2051"]
[BlackElo "1805"]
[PlyCount "63"]
[EventDate "2012.07.09"]
[EventType "swiss"]
[EventRounds "9"]
[EventCountry "ESP"]
[Source "lmi"]
[SourceDate "2012.07.09"]

1. e4 e5 2. Nf3 Nc6 3. Bb5 a6 4. Ba4 Nf6 5. d4 b5 6. dxe5 Nxe4 7. Bb3 Nc5 8.
O-O Nxb3 9. axb3 Be7 10. Bf4 Bb7 11. c3 O-O 12. Qe2 Re8 13. Rd1 Qc8 14. Qd3 Nb8
15. Nd4 g6 16. Qg3 Kh8 17. Nd2 Nc6 18. N2f3 Nxd4 19. Rxd4 f6 20. Rad1 Bc6 21.
R4d2 f5 22. Nd4 Bb7 23. h4 c5 24. Ne2 Bc6 25. Qh3 h5 26. Qg3 Kh7 27. Bg5 Bxg5
28. Qxg5 Qd8 29. Qg3 Qe7 30. Rd6 Rg8 31. Nf4 Qe8 32. e6 1-0

[Event "España ch sub-14 2012"]
[Site "Salobreña ESP"]
[Date "2012.07.11"]
[Round "5.10"]
[White "Ponce Cano, Adrian"]
[Black "Gomez Dieguez, Adrian"]
[Result "1/2-1/2"]
[WhiteElo "1995"]
[BlackElo "1801"]
[PlyCount "164"]
[EventDate "2012.07.09"]
[EventType "swiss"]
[EventRounds "9"]
[EventCountry "ESP"]
[Source "lmi"]
[SourceDate "2012.07.09"]

1. e4 e5 2. Nc3 Bb4 3. Nd5 Nc6 4. Qg4 g6 5. c3 Bc5 6. Qg3 Nf6 7. d3 h6 8. Be2
d6 9. f4 Be6 10. Bf3 Bxd5 11. exd5 exf4 12. Bxf4 Ne7 13. O-O-O Qd7 14. Qh4 Nfg8
15. Bg5 O-O-O 16. Bd2 Nf5 17. Qh3 Be3 18. g4 Bxd2+ 19. Kxd2 Nfe7 20. Qg2 Nf6
21. c4 Kb8 22. Ne2 h5 23. g5 Ng4 24. Bxg4 hxg4 25. Nd4 Nf5 26. Nb5 a6 27. Nc3
Rh4 28. b4 Qe7 29. Ne4 Qe5 30. Rb1 Qf4+ 31. Kc3 Rh3 32. b5 Ne3 33. Qf2 Nxd5+
34. Kc2 Ne3+ 35. Kc1 Rf3 36. Qd2 Nxc4 37. Qxf4 Rxf4 38. bxa6 Nb6 39. axb7 Kxb7
40. Rb4 Rf5 41. Rg1 d5 42. Nf6 Rxg5 43. a4 Ra8 44. Nd7 Kc6 45. Nxb6 cxb6 46. h4
Rf5 47. Rgxg4 Re8 48. Kd2 Rf2+ 49. Kc3 Ree2 50. Rbf4 Kc5 51. Kb3 Rb2+ 52. Ka3
Rbd2 53. Rxf2 Rxf2 54. Kb3 Rh2 55. Rf4 f5 56. Kc3 Ra2 57. h5 gxh5 58. Rxf5 h4
59. Rf4 h3 60. Rh4 Rh2 61. Rh6 d4+ 62. Kb3 Rh1 63. Rh5+ Kc6 64. Kc4 h2 65. Kxd4
Kd6 66. Rh6+ Kc7 67. Kd5 Kb7 68. Kd4 Ka7 69. Rh8 Ka6 70. Ra8+ Kb7 71. Rh8 Ka7
72. Kd5 Kb7 73. Kd4 Kc6 74. Rh7 Kd6 75. Rh6+ Ke7 76. Kd5 Kd7 77. Rh7+ Kc8 78.
d4 Kb8 79. Kd6 Rd1 80. Rxh2 Rxd4+ 81. Kc6 Rxa4 82. Kxb6 Rb4+ 1/2-1/2

[Event "España ch sub-14 2012"]
[Site "Salobreña ESP"]
[Date "2012.07.11"]
[Round "5.11"]
[White "Balbuena Fuentes, Mario"]
[Black "Serra Canals, Oriol"]
[Result "1-0"]
[WhiteElo "1899"]
[BlackElo "1775"]
[PlyCount "71"]
[EventDate "2012.07.09"]
[EventType "swiss"]
[EventRounds "9"]
[EventCountry "ESP"]
[Source "lmi"]
[SourceDate "2012.07.09"]

1. e4 e5 2. Nf3 Nc6 3. Bc4 Nf6 4. d3 h6 5. c3 d6 6. Bb3 g6 7. Nbd2 Bg7 8. O-O
O-O 9. Re1 Bd7 10. Nf1 Kh8 11. Ng3 Qe8 12. d4 Nh7 13. dxe5 dxe5 14. Be3 f5 15.
Bc5 f4 16. Bxf8 Bxf8 17. Nf1 g5 18. Qd5 Bg7 19. Qf7 Qc8 20. Rad1 Nf6 21. N1d2
Nd8 22. Qc4 Ne6 23. Nxe5 b5 24. Qd3 Be8 25. Qh3 g4 26. Qh4 Ng5 27. f3 Bh5 28.
fxg4 Bxg4 29. Nxg4 Nxg4 30. Nf3 Bf6 31. Nxg5 Bxg5 32. Qh3 Be7 33. Rd5 c6 34.
Rf5 Nf6 35. Qxh6+ Nh7 36. Rh5 1-0

[Event "España ch sub-14 2012"]
[Site "Salobreña ESP"]
[Date "2012.07.11"]
[Round "5.12"]
[White "Chueca Lorente, Javier"]
[Black "Fernandez Gil, Ruben Carlos"]
[Result "0-1"]
[WhiteElo "1734"]
[BlackElo "1899"]
[PlyCount "98"]
[EventDate "2012.07.09"]
[EventType "swiss"]
[EventRounds "9"]
[EventCountry "ESP"]
[Source "lmi"]
[SourceDate "2012.07.09"]

1. e4 c5 2. Nf3 Nc6 3. d4 cxd4 4. Nxd4 g6 5. c4 Bg7 6. Be3 Nf6 7. Nc3 O-O 8.
Be2 d6 9. O-O Bd7 10. Qd2 Nxd4 11. Bxd4 Bc6 12. f3 a5 13. Rab1 Nd7 14. Be3 Nc5
15. b3 Qb6 16. Bd1 Qb4 17. Ne2 b5 18. Qxb4 axb4 19. Nd4 Bxd4 20. Bxd4 Rxa2 21.
Re1 Rb8 22. Be2 Ra3 23. Bxc5 dxc5 24. Rec1 Kg7 25. cxb5 Bxb5 26. Bxb5 Rxb5 27.
Rb2 Kf6 28. Kf2 Ke6 29. Ke3 Kd6 30. Kd3 Kc6 31. Kc4 Rba5 32. Rcc2 Ra1 33. h3
Rd1 34. Rd2 Raa1 35. Rbc2 Rxd2 36. Rxd2 Rc1+ 37. Kd3 Rc3+ 38. Ke2 Rxb3 39. Rc2
Kb5 40. Kd2 c4 41. e5 Rd3+ 42. Ke2 b3 43. Rb2 Kb4 44. Rb1 Rd5 45. f4 c3 46. Rd1
Rxd1 47. Kxd1 c2+ 48. Kd2 Ka3 49. e6 fxe6 0-1

[Event "España ch sub-14 2012"]
[Site "Salobreña ESP"]
[Date "2012.07.11"]
[Round "5.13"]
[White "Zhynguel Ramirez De Verger, Ale"]
[Black "Ortega Lopez, Mikel"]
[Result "1/2-1/2"]
[WhiteElo "1650"]
[BlackElo "1897"]
[PlyCount "61"]
[EventDate "2012.07.09"]
[EventType "swiss"]
[EventRounds "9"]
[EventCountry "ESP"]
[Source "lmi"]
[SourceDate "2012.07.09"]

1. d4 Nf6 2. Bf4 e6 3. e3 b6 4. Nf3 Bb7 5. Nbd2 Be7 6. h3 d5 7. Bd3 Nbd7 8. Qe2
c5 9. c3 O-O 10. Ne5 c4 11. Bc2 b5 12. O-O Re8 13. Ndf3 h6 14. Nxd7 Nxd7 15.
Ne5 Nf6 16. f3 Qb6 17. e4 a5 18. a3 b4 19. a4 Rac8 20. Rfe1 Qa6 21. Qd2 Bf8 22.
Ng4 Nxg4 23. hxg4 b3 24. Bb1 Qb6 25. e5 Qd8 26. Kf2 Qh4+ 27. Bg3 Qg5 28. Bf4
Qh4+ 29. Bg3 Qg5 30. Bf4 Qh4+ 31. Bg3 1/2-1/2

[Event "España ch sub-14 2012"]
[Site "Salobreña ESP"]
[Date "2012.07.11"]
[Round "5.14"]
[White "Marquez Marvizon, Alejandra"]
[Black "Ribera Cebolla, Marc"]
[Result "1/2-1/2"]
[WhiteElo "1622"]
[BlackElo "1883"]
[PlyCount "101"]
[EventDate "2012.07.09"]
[EventType "swiss"]
[EventRounds "9"]
[EventCountry "ESP"]
[Source "lmi"]
[SourceDate "2012.07.09"]

1. e4 c5 2. Nf3 e6 3. c3 d5 4. e5 Nc6 5. d4 Qb6 6. Be2 Nh6 7. Bxh6 gxh6 8. Qd2
Bd7 9. a3 c4 10. Qc2 O-O-O 11. Nbd2 Na5 12. Bd1 Be7 13. Qb1 Rdg8 14. O-O Rg7
15. b3 Rhg8 16. g3 cxb3 17. Bxb3 Bb5 18. Re1 Qa6 19. Re3 h5 20. h4 Kb8 21. a4
Be2 22. Bc2 Bxf3 23. Nxf3 h6 24. Bd3 Qc6 25. Bb5 Qc7 26. Kh1 Rg6 27. Bd3 f5 28.
exf6 Rxf6 29. Qe1 Rgf8 30. Kg2 Nc6 31. Ra2 Bd6 32. Bb5 Ne7 33. Ne5 Bxe5 34.
Rxe5 a6 35. Bf1 Ng6 36. Rxe6 Nxh4+ 37. gxh4 Qg7+ 38. Kh1 Qg4 39. Qe5+ Ka7 40.
Rxf6 Qxh4+ 41. Qh2 Qxf6 42. Qxh5 Rg8 43. Bg2 Rg5 44. Qf3 Rf5 45. Qe2 Qg6 46.
Rb2 Qg5 47. Qe3 Qg4 48. Qe7 Rh5+ 49. Kg1 Qd1+ 50. Bf1 Qg4+ 51. Bg2 1/2-1/2

[Event "España ch sub-14 2012"]
[Site "Salobreña ESP"]
[Date "2012.07.11"]
[Round "5.15"]
[White "Domingo Nunez, Alejandro"]
[Black "Redondo Benavente, Jose Carlos"]
[Result "1-0"]
[WhiteElo "1883"]
[BlackElo "1719"]
[PlyCount "71"]
[EventDate "2012.07.09"]
[EventType "swiss"]
[EventRounds "9"]
[EventCountry "ESP"]
[Source "lmi"]
[SourceDate "2012.07.09"]

1. e4 e5 2. Nf3 Nc6 3. Bc4 Be7 4. c3 Nf6 5. d3 d6 6. Bb3 O-O 7. O-O Re8 8. Re1
Bf8 9. Nbd2 h6 10. Nc4 Be6 11. h3 Qd7 12. a4 g6 13. Qe2 Bg7 14. Bc2 Nh5 15. b4
Nf4 16. Bxf4 exf4 17. d4 d5 18. b5 Ne7 19. Nfe5 Qc8 20. exd5 Nxd5 21. Qf3 Rd8
22. Be4 g5 23. Rac1 Rb8 24. g3 f5 25. Bb1 fxg3 26. fxg3 Nb6 27. Ng6 Re8 28.
Nxb6 cxb6 29. d5 Qc5+ 30. Kh2 Bxd5 31. Qxf5 Bf7 32. Ne7+ Kf8 33. Qxf7+ Kxf7 34.
Ba2+ Qd5 35. Bxd5+ Kf6 36. Re6+ 1-0

[Event "España ch sub-14 2012"]
[Site "Salobreña ESP"]
[Date "2012.07.11"]
[Round "5.16"]
[White "Ruperez Benito, Antonio"]
[Black "Cortes Cabeza, Cameron"]
[Result "0-1"]
[WhiteElo "1812"]
[BlackElo "1633"]
[PlyCount "104"]
[EventDate "2012.07.09"]
[EventType "swiss"]
[EventRounds "9"]
[EventCountry "ESP"]
[Source "lmi"]
[SourceDate "2012.07.09"]

1. e4 c5 2. Nf3 d6 3. d4 cxd4 4. Nxd4 Nf6 5. Nc3 a6 6. a4 e5 7. Nb3 Be6 8. Be2
Be7 9. Be3 Nc6 10. Nd5 Bxd5 11. exd5 Na5 12. c4 O-O 13. O-O Rc8 14. Nxa5 Qxa5
15. Qb3 Qc7 16. Rac1 Nd7 17. Qc3 f5 18. f3 Bh4 19. Bd3 f4 20. Bf2 Bxf2+ 21.
Rxf2 a5 22. Qc2 h6 23. Bf5 b6 24. Be6+ Kh8 25. Bxd7 Qxd7 26. Qb3 Qc7 27. Qb5
Qc5 28. Qxc5 bxc5 29. Rc3 Rb8 30. Rd2 Rb4 31. b3 Rfb8 32. Rdd3 g5 33. Kf2 Kg7
34. Ke2 Re8 35. Rd1 Rb7 36. Kd3 Kf6 37. Ke4 Rg8 38. g3 Re8 39. Kd3 Rbe7 40. Re1
h5 41. Ke4 g4 42. Rg1 fxg3 43. fxg4 gxh2 44. Rf3+ Kg7 45. Rh1 hxg4 46. Rg3 Rh8
47. Rxg4+ Kf8 48. Rg2 Reh7 49. b4 cxb4 50. c5 Rh4+ 51. Kf5 Kf7 52. c6 R8h5+ 0-1

[Event "España ch sub-14 2012"]
[Site "Salobreña ESP"]
[Date "2012.07.11"]
[Round "5.17"]
[White "Domingo Nunez, Ruben"]
[Black "Represa Perez, Mireya"]
[Result "1-0"]
[WhiteElo "1887"]
[BlackElo "1525"]
[PlyCount "55"]
[EventDate "2012.07.09"]
[EventType "swiss"]
[EventRounds "9"]
[EventCountry "ESP"]
[Source "lmi"]
[SourceDate "2012.07.09"]

1. e4 c5 2. Nf3 e6 3. Nc3 Nc6 4. d3 g6 5. g3 Bg7 6. Bg2 Nge7 7. O-O O-O 8. Be3
d6 9. d4 d5 10. exd5 exd5 11. Na4 c4 12. c3 Nf5 13. Bf4 b5 14. Nc5 b4 15. Qa4
Qb6 16. Rfe1 bxc3 17. bxc3 Nfe7 18. Ne5 Nxe5 19. Bxe5 Bxe5 20. Rxe5 Be6 21.
Nxe6 fxe6 22. Rae1 Qb2 23. R5e2 Qxc3 24. Rxe6 Qxd4 25. Rxe7 Rxf2 26. Kh1 Qd2
27. Qd7 Qb2 28. Bxd5+ 1-0

[Event "España ch sub-14 2012"]
[Site "Salobreña ESP"]
[Date "2012.07.11"]
[Round "5.19"]
[White "Jane Besora, Jordi"]
[Black "Porras Fernandez, Alberto"]
[Result "1-0"]
[WhiteElo "1814"]
[BlackElo "1642"]
[PlyCount "56"]
[EventDate "2012.07.09"]
[EventType "swiss"]
[EventRounds "9"]
[EventCountry "ESP"]
[Source "lmi"]
[SourceDate "2012.07.09"]

1. d4 d5 2. Nf3 Nf6 3. c4 e6 4. Nc3 c6 5. Bf4 Bd6 6. Bg5 Nbd7 7. e3 O-O 8. Bd3
Re8 9. O-O e5 10. dxe5 Nxe5 11. cxd5 Bg4 12. Be2 Bxf3 13. Bxf3 Qc7 14. h3 Rad8
15. Bxf6 gxf6 16. Qe2 f5 17. dxc6 bxc6 18. Rac1 Qe7 19. g3 Kh8 20. Bg2 Ng6 21.
Bxc6 Rg8 22. Bg2 Rde8 23. Nd5 Nf4 24. Nxf4 Bxf4 25. gxf4 Rg6 26. Kh2 Reg8 27.
Rg1 Qh4 28. Qf3 Ra8 1-0